Managing educational costs /

Saved in:
Bibliographic Details
Main Author: Coombs, Philip Hall, 1915-
Corporate Author: International Institute for Educational Planning
Other Authors: Hallak, Jacques
Format: Book
Language:English
Published: New York : Oxford University Press, 1972.
Subjects:
LEADER 01036nam a2200253 i 4500
001 c000308330
003 CARM
005 00000000000000.0
008 840316s1972 nyu 0 eng d
019 1 |a 27491723  |z 41080946  |z 342507  |5 LACONCORD2021 
035 |a (OCoLC)363941  |5 LACONCORD2021 
082 0 4 |a 658.15932 
100 1 |a Coombs, Philip Hall,  |d 1915- 
245 1 0 |a Managing educational costs /  |c [by] Philip H. Coombs and Jacques Hallak. 
260 |a New York :  |b Oxford University Press,  |c 1972. 
300 |a 288 p. :  |b illus. 
500 |a Based on a report undertaken by UNESCOs̀ International Institute for Educational Planning. 
650 0 |a Education  |x Costs. 
650 0 |a Education  |x Finance. 
700 1 |a Hallak, Jacques. 
710 2 |a International Institute for Educational Planning. 
852 8 |b CARM  |h A2:AB27H0  |i B10650  |p 0506734  |f BK 
999 f f |i beea4439-e288-59e2-8d27-b3068753afb8  |s 76e53f65-47d2-557a-b387-e574d6d3b047 
952 f f |p Can circulate  |a CAVAL  |b CAVAL  |c CAVAL  |d CARM 1 Store  |e B10650  |f A2:AB27H0  |h Other scheme  |i book  |m 0506734